| 000 | 00714nam a2200229 a 4500 | ||
|---|---|---|---|
| 001 | 54233 | ||
| 003 | BD-RjUL | ||
| 005 | 20211209080106.0 | ||
| 008 | 161106r1961 maua b 000 0 eng | ||
| 035 | _a(BD-RjUL) 54355 | ||
| 040 |
_aDLC/ICU _dBD-RjUL _beng _cBD-RjUL |
||
| 041 | 1 | _aengrus | |
| 082 | 0 | 0 |
_223 _a520.12 _bALW 1961 |
| 100 | 1 |
_aAlexander, Lewis M., _d-1921 _9161853 |
|
| 245 | 1 | 4 |
_aWorld political patterns / _cLewis M Alexander. |
| 260 |
_aChicago : _bRand McNally , _c1957 [Printing 1961] |
||
| 300 |
_axii, 628 p. : _billus. ; _c24 cm. |
||
| 490 | _aRand McNally geography series. | ||
| 650 | 0 |
_aPolitical geography. _9160335 |
|
| 830 |
_aRand McNally geography series. _9162310 |
||
| 942 |
_2ddc _cBK |
||
| 999 |
_c54233 _d54233 |
||